000 00454nam a2200169 4500
001 107035
003 ES-MaACL
005 20230906184332.0
007 t|
008 061121s1946 sp r ||||1| spa d
100 1 _aMoreu, Angel.
_983492
245 1 3 _aEl problema del glaucoma verum /
_cAngel Moreu.
250 _a1.ª ed.
260 _aBarcelona :
_bSalvat,
_c1946.
300 _a336 p. 8 de lám. ;
_c22 cm.
852 _aES-MaACL
_jB-1293
_bR.27159
999 _c107035
_d107035